Agua salud y derechos humanos / (Record no. 1285)

MARC details
000 -CABECERA
campo de control de longitud fija 00612nam a2200205 a 4500
005 - FECHA Y HORA DE LA ÚLTIMA TRANSACCIÓN
campo de control 20220625063459.0
008 - ELEMENTOS DE LONGITUD FIJA--INFORMACIÓN GENERAL
campo de control de longitud fija 991125s1995 mx 000 0 spa u
020 ## - NÚMERO INTERNACIONAL NORMALIZADO PARA LIBROS
Número Internacional Estándar del Libro 9686954279
035 ## - NÚMERO DE CONTROL DEL SISTEMA
Número de control de sistema UPN01000001285
049 ## - COLECCIÓN
Colección CG
050 #4 - SIGNATURA TOPOGRÁFICA DE LA BIBLIOTECA DEL CONGRESO
Número de clasificación QH545 W3
Número de documento/Ítem A48
245 00 - MENCIÓN DE TÍTULO
Título Agua salud y derechos humanos /
Mención de responsabilidad, etc. coord. Iván Restrepo.
260 ## - PUBLICACIÓN, DISTRIBUCIÓN, ETC.
Lugar de publicación, distribución, etc. México :
Nombre del editor, distribuidor, etc. CNDH,
Fecha de publicación, distribución, etc. 1995.
300 ## - DESCRIPCIÓN FÍSICA
Extensión 409 p.
650 #4 - ASIENTO SECUNDARIO DE MATERIA - TERMINO TEMATICO
Término de materia o nombre geográfico como elemento de entrada AGUA -
Subdivisión general CONTAMINACION
9 (RLIN) 1026
650 #2 - ASIENTO SECUNDARIO DE MATERIA - TERMINO TEMATICO
Término de materia o nombre geográfico como elemento de entrada Derechos civiles
Subdivisión general Interpretación y construcción
9 (RLIN) 7718
650 #4 - ASIENTO SECUNDARIO DE MATERIA - TERMINO TEMATICO
Término de materia o nombre geográfico como elemento de entrada SUELO -
Subdivisión general CONSERVACION
700 1# - ASIENTO SECUNDARIO--NOMBRE DE PERSONAL
Nombre de persona Restrepo Fernández, Iván,
Término indicativo de función/relación coord.
9 (RLIN) 43047
905 ## - TIPO DE MATERIAL
Tipo de material Libro
Holdings
Estado de retiro Estado de pérdida Fuente del sistema de clasificación o colocación Estado dañado No para préstamo Código de colección Localización permanente Ubicación/localización actual Ubicación en estantería Fecha de adquisición Total de préstamos Clasificación Código de barras Fecha visto por última vez Fecha del último préstamo Número de copia Tipo de ítem Koha
    Library of Congress Classification     Colección General Bib. Gregorio Torres Quintero Bib. Gregorio Torres Quintero Planta baja 21/05/2024 17 QH545 W3 A48 133413 30/05/2024 21/05/2024 1 Libro